000 01694cam a22004574i 4500
003 PE-LiUPU
005 20250731173455.0
008 150616s1989 stk r 000 0 eng d
035 _a(Sirsi) a6557
040 _aPE-LiUPU
_bspa
_cPE-LiUPU
_erda
049 _aPRUA
082 0 4 _a220.7
_bICC
_221
100 1 _aCharles, R. H.,
_eautor.
245 1 2 _aA critical and exegetical commentary on the Revelation of St. John :
_bwith introduction, notes and indices also the Greek and english translation.
_n66 / II /
_cR. H. Charles.
264 1 _aEdinburgh, Gran Bretaña :
_bT. & T. Clark,
_c1989.
300 _a497 páginas ;
_c21 centímetros.
336 _atext
_2rdacontent
337 _aunmediated
_2rdamedia
338 _avolume
_2rdacarrier
490 0 _aThe International Critical Commentary
505 0 _aComentarios sobre el libro de Apocalipsis, capítulos: XV - XXII.
526 _aSEG42
526 _aSEG41
526 _aSEG40
526 _aSEG39
526 _aP94
526 _aP87
526 _aP86
526 _aP85
526 _aP77
526 _aP76
526 _aP35
630 _aBiblia.
_pN.T.
_pApocalipsis
_xComentarios.
910 _ajck
_bjvq
_cjck
942 _2ddc
_cBOOK
949 _a220.7 ICC 66b
_wDEWEY
_c1
_i39929
_lCCODEBUL1
_mBUL
_p00.00
_r0
_sY
_tBOOK
_u19951205
_xTEOLOGIA
_zUNKNOWN
_0COMPRA
_o.STAFF. Colección General
994 _aC0
_bPEPRU
596 _a1
999 _a220.7 ICC 66B
_wDEWEY
_c57703
_i39929
_d57703
_e2016-1-4
_f2021-11-9
_g5
_lCCODEBUL1
_mBUL
_n1
_p23.00
_q5
_r0
_sY
_tBOOK
_u2015-6-16
_xTEOLOGIA
_zUNKNOWN
_0COMPRA
_o.STAFF. Colección Teología
980 _81
_gALBERTO SANCHEZ Responsable de Automatización